000 00713nam a2200253Ia 4500
003 OSt
005 20220918212928.0
006 a|||||r|||| 00| 0
007 ta
008 220917b |||||||| |||| 00| 0 eng d
024 _a130,799
037 _cTextual
040 _aARTS
_cARTS
_beng
041 _2eng
_aeng
082 _aX:3M24xM18.1(Y:4).N7, L4
100 _aUlyanovsky R
245 0 _aSocialism and the newly independent nations
260 _aMoscow
_bProgress
_c1974
300 _a562p.
_ccm.
490 _aProgress problems of the third world series
650 _aECONOMICS
942 _hX:3M24xM18.1(Y:4).N7, L4
_cTEXL
_2CC
999 _c253922
_d253922